000 00448nam a2200157 i 4500
001 24626
003 ES-MaACL
005 20230906153102.0
007 t|
008 021218s1944 sp ||||1| spa d
100 1 _aAparicio López, Octavio.
_922068
245 1 0 _aQuemado vivo
_b: cuentos /
_cTristán Yuste (seud.).
260 _aMadrid :
_bEditora Nacional,
_c1944 (
_fUlloa)
300 _a189 p. ;
_c19 cm.
852 _aES-MaACL
_jF-6508
_bR.23325
999 _c24626
_d24626